Normal view
MARC view
Entry Personal Name
001 - CONTROL NUMBER
- control field: 15477
003 - CONTROL NUMBER IDENTIFIER
- control field: BD-RjUL
005 - DATE AND TIME OF LATEST TRANSACTION
- control field: 20250518100914.0
008 - FIXED-LENGTH DATA ELEMENTS
- fixed length control field: 250518|| aca||aabn | a|a d
040 ## - CATALOGING SOURCE
- Original cataloging agency: BD-RjUL
- Transcribing agency: BD-RjUL
100 ## - HEADING--PERSONAL NAME
- Personal name: Swarbrick, James, Edited by
670 ## - SOURCE DATA FOUND
- Source citation: Work cat.: (BD-RjUL)84933: Encyclopedia of Pharmaceutical Technology